000 00793nam a22001817a 4500
005 20260413111324.0
008 260413b |||||||| |||| 00| 0 eng d
020 _a978-93-5465-161-8
050 _aRC 46 .S 24 2022
100 _aSAHA, ASHIS KUMAR
245 _aSOLVED PAPERS MEDICINE FOR PG STUDENTS: A MUST FOR MD AND DNB MEDICINE PAST 10 YEAR EXAMS ACROSS VARIOUS UNIVERSITIES
260 _aNEW DELHI,
_bJAYPEE BROTHERS MEDICAL PUBLISHERS,
_c2022,
300 _aXXii, 1420 P, ILL
500 _aINCLUDES BIBLIOGRAPHICAL REFERENCES
650 _a1.Internal medicine-Examinations - Study guides 2. Medical education-India-Textbooks 3. Postgraduate medical education-Textbooks 4. Clinical medicine-Examination questions
700 _aFOREWARD BY GURPREET S WANDER
942 _2lcc
_cBK
999 _c216933
_d216933